000 00716nam a2200241 i 4500
001 C2-0223726
003 PPAK
005 20180728152504.0
008 000305s1964 my |||| ||||| | eng d
040 _aPPAK
_beng
_cPPAK
_erda
082 0 4 _a352.12259522
_223
090 0 0 _a352.12259522
_bSAR
_dKWI
110 2 _aSarawak. State Estimates
245 0 0 _aEstimates of the revenue and expenditure for the year 1964
264 1 _aKuching, Sarawak :
_bSarawak. State Estimates ,
_c1964
300 _a155 pages ;
_c33 cm
336 _2rdacontent
_atext
337 _2rdamedia
_aunmediated
338 _2rdacarrier
_avolume
500 _aAnnually
710 2 _aSarawak. State Estimates
_eorganizer
942 _ddc
_cB
999 _c144804
_d144804